000 00417nam a22001457a 4500
020 _qHB.
040 _cFIZZA ISHAQ
082 _a621.9
_bHOW
100 _aW. H. Howell & A. Greer.
_9134046
245 _aMechanical engineering craft practice /
_c A. Greer W. H. Howell.
250 _a1st Edition. illustrated,
260 _aLondon:
_bEdward Arnold,
_c1966.
300 _a361 P. ;
_c7.5 x 5 inches
942 _2ddc
_cBK
999 _c616974
_d616974